书目信息 |
| 题名: |
清洁生产理论与方法
|
|
| 作者: | 张凯 , 崔兆杰 编著 | |
| 分册: | ||
| 出版信息: | 北京 科学出版社 2005 |
|
| 页数: | 12,227页 | |
| 开本: | 24cm | |
| 丛书名: | 清洁生产与循环经济丛书 | |
| 单 册: | ||
| 中图分类: | X38 | |
| 科图分类: | ||
| 主题词: | 无污染技术--概论 , 无污染技术 | |
| 电子资源: | ||
| ISBN: | 7-03-014831-2 | |
| 000 | 01119oam2 2200301 450 | |
| 001 | 002847746 | |
| 005 | 20070805151048.89 | |
| 010 | @a7-03-014831-2@dCNY32.00 | |
| 035 | @a002847746 | |
| 100 | @a20050221e20062005em y0chiy0110 ea | |
| 101 | 0 | @achi |
| 102 | @aCN@b110000 | |
| 105 | @ay z 000yy | |
| 106 | @ar | |
| 200 | 1 | @a清洁生产理论与方法@Aqing jie sheng chan li lun yu fang fa@f张凯,崔兆杰编著@Fzhang kai, cui zhao jie bian zhu |
| 210 | @a北京@c科学出版社@d2005@h2006重印 | |
| 215 | @a12,227页@d24cm | |
| 225 | 2 | @a清洁生产与循环经济丛书@Aqing jie sheng chan yu xun huan jing ji cong shu@v1 |
| 330 | @a本书论述了清洁生产的理论和基础知识,包括清洁生产的产生与发展,概念的内涵和外延,清洁生产的环境经济学基础及末段治理与全过程控制理论等内容。 | |
| 461 | 0 | @1001002856637@12001 @a清洁生产与循环经济丛书 |
| 510 | 1 | @aPrinciple and Method of Cleaner Production@zeng |
| 606 | 0 | @a无污染技术@x概论 |
| 606 | 0 | @a无污染技术 |
| 690 | @aX38@v4 | |
| 701 | 0 | @a张凯@Azhang kai@c(环境保护,@f1947.3~)@4编著 |
| 701 | 0 | @a崔兆杰@Acui zhao jie@4编著 |
| 801 | 0 | @aCN@bNLC@c20070805 |
| 905 | @dX38@e128@f4 | |
| 清洁生产理论与方法/张凯,崔兆杰编著.-北京:科学出版社,2005(2006重印) |
| 12,227页;24cm.-(清洁生产与循环经济丛书;1) |
| ISBN 7-03-014831-2:CNY32.00 |
| 本书论述了清洁生产的理论和基础知识,包括清洁生产的产生与发展,概念的内涵和外延,清洁生产的环境经济学基础及末段治理与全过程控制理论等内容。 |
| ● |
| 相关链接 |
|
|
|
|
正题名:清洁生产理论与方法
索取号:X38/128
 
预约/预借
| 序号 | 登录号 | 条形码 | 馆藏地/架位号 | 状态 | 备注 |
| 1 | 0851621 | 208516211 | 第二样本阅览室/ [索取号:X38/128] | 在馆 | |
| 2 | 0851622 | 208516220 | 第三借阅区/ [索取号:X38/128] | 在馆 | |
| 3 | 0851623 | 208516239 | 第三借阅区/ [索取号:X38/128] | 在馆 | |
| 4 | 0851624 | 208516248 | 第三借阅区/ [索取号:X38/128] | 在馆 |